Top Female Artists of 2017 - Statistics

General Stats
  • This quiz has been taken 75 times
  • The average score is 17 of 30
Answer Stats
Hint Answer % Correct
Umbrella Rihanna
100%
Shake It Off Taylor Swift
94%
Cheap Thrills Sia
84%
Side to Side Ariana Grande
81%
Swish Swish Katy Perry
79%
Listen Beyonce
77%
All About That Bass Meghan Trainor
77%
Malibu Miley Cyrus
77%
Wolves Selena Gomez
77%
Sorry Not Sorry Demi Lovato
70%
Million Reasons Lady Gaga
70%
What About Us P!nk
70%
Havana Camila Cabello
69%
New Rules Dua Lipa
67%
Chantaje Shakira
66%
Send My Love (To Your New Lover) Adele
64%
Shout Out to My Ex Little Mix
54%
Green Light Lorde
53%
Praying Kesha
49%
No One Alicia Keys
43%
Scars to Your Beautiful Alessia Cara
41%
Bad at Love Halsey
41%
Lush Life Zara Larsson
41%
Meant to Be Bebe Rexha
39%
Regret in Your Tears Nicki Minaj
39%
Issues Julia Michaels
33%
Down Fifth Harmony
29%
Starving Hailee Steinfeld
27%
Love Galore SZA
20%
Love Lana del Rey
7%
No matching quizzes found
Score Distribution
Percent of People with Each Score
Percentile by Number Answered
Your Score History
You have not taken this quiz